[Event "BdF-Smaragd 05 email"]
[Site "GER email"]
[Date "2014.06.25"]
[Round "?"]
[White "Martins, Karin"]
[Black "Moser, Miriana"]
[Result "1/2-1/2"]
[WhiteElo "1809"]
[BlackElo "1914"]
[PlyCount "66"]
[EventDate "2014.??.??"]
[EventType "tourn (corr)"]
[EventRounds "14"]
[EventCountry "GER"]
[SourceTitle "Corr 2017"]
[Source "ChessBase"]
[SourceDate "2017.09.19"]
[SourceVersion "1"]
[SourceVersionDate "2017.09.19"]
[SourceQuality "1"]

1. e4 c6 2. d4 d5 3. Nc3 dxe4 4. Nxe4 Nd7 5. c4 Ngf6 6. Nc3 e6 7. Nf3 Bd6 8. Bg5 0-0 9. Be2 h6 10. Bh4 e5 11. 0-0 Re8 12. dxe5 Nxe5 13. Ne4 Nxf3+ 14. Bxf3 Be5 15. Qxd8 Rxd8 16. Rad1 Be6 17. Nxf6+ gxf6 18. b3 Kg7 19. Rxd8 Rxd8 20. Rd1 Ra8 21. Be4 Re8 22. f3 f5 23. Bc2 b6 24. Bg3 f4 25. Be1 c5 26. Kf1 f6 27. a4 a5 28. Be4 Kf7 29. Rd3 Rg8 30. Bd2 Rc8 31. Bc3 Bxc3 32. Rxc3 f5 33. Bd3 Rd8 1/2-1/2

[Event "BdF-Smaragd 05 email"]
[Site "GER email"]
[Date "2014.06.25"]
[Round "?"]
[White "Moser, Miriana"]
[Black "Byrne, Veronica"]
[Result "1-0"]
[WhiteElo "1914"]
[BlackElo "1634"]
[PlyCount "39"]
[EventDate "2014.??.??"]
[EventType "tourn (corr)"]
[EventRounds "14"]
[EventCountry "GER"]
[SourceTitle "Corr 2015"]
[Source "ChessBase"]
[SourceDate "2015.07.17"]
[SourceVersion "1"]
[SourceVersionDate "2015.07.17"]
[SourceQuality "1"]

1. e4 c5 2. Nc3 e6 3. g3 b6 4. Bg2 Bb7 5. Nf3 Nf6 6. e5 Ng4 7. 0-0 d6 8. d4 Ba6 9. Ng5 Bxf1 10. Bxa8 Qe7 11. Qxg4 Bc4 12. exd6 Qxd6 13. d5 h5 14. Qxc4 a6 15. dxe6 Qe5 16. exf7+ Ke7 17. Bf4 b5 18. Qd3 c4 19. Qd2 Qf5 20. Qd6# 1-0

[Event "BdF-Smaragd 05 email"]
[Site "GER email"]
[Date "2014.06.25"]
[Round "?"]
[White "Moser, Miriana"]
[Black "Motuzova, Marta"]
[Result "0-1"]
[WhiteElo "1914"]
[BlackElo "1993"]
[PlyCount "34"]
[EventDate "2014.??.??"]
[EventType "tourn (corr)"]
[EventRounds "14"]
[EventCountry "GER"]
[SourceTitle "Corr 2017"]
[Source "ChessBase"]
[SourceDate "2017.09.19"]
[SourceVersion "1"]
[SourceVersionDate "2017.09.19"]
[SourceQuality "1"]

1. b4 e5 2. Bb2 Bxb4 3. Bxe5 Nf6 4. Nc3 Nc6 5. Bxf6 Qxf6 6. Nd5 Qd6 7. Nxb4 Nxb4 8. a3 Nc6 9. e3 0-0 10. Qh5 Qf6 11. Rb1 Re8 12. Nf3 d6 13. Be2 Rb8 14. 0-0 Bf5 15. Rfc1 g6 16. Qh6 Qg7 17. Qg5 h6 0-1